|
|
|
|
| LEADER |
00000nam0a2200000 4500 |
| 001 |
181219 |
| 005 |
20231031171015.0 |
| 035 |
|
|
|a (RuTPU)RU\TPU\book\196451
|
| 090 |
|
|
|a 181219
|
| 100 |
|
|
|a 20100603d1988 km y0rusy50 ca
|
| 101 |
0 |
|
|a rus
|
| 102 |
|
|
|a RU
|
| 105 |
|
|
|a a z 000zy
|
| 200 |
1 |
|
|a Таганрогская картинная галерея
|e альбом
|f сост. Л. В. Зуева
|
| 210 |
|
|
|a Москва
|c Изобразительное искусство
|d 1988
|
| 215 |
|
|
|a 176 с.
|c ил.
|
| 225 |
1 |
|
|a Художественные музеи СССР
|
| 610 |
1 |
|
|a искусство
|
| 610 |
1 |
|
|a искусствоведение
|
| 610 |
1 |
|
|a музеи
|
| 610 |
1 |
|
|a музейные собрания
|
| 610 |
1 |
|
|a музейные коллекции
|
| 610 |
1 |
|
|a картинные галереи
|
| 610 |
1 |
|
|a Таганрог
|
| 675 |
|
|
|a 7(069)
|v 3
|
| 702 |
|
1 |
|a Зуева
|b Л. В.
|4 220
|
| 801 |
|
1 |
|a RU
|b 63413507
|c 20100603
|
| 801 |
|
2 |
|a RU
|b 63413507
|c 20110221
|g RCR
|
| 942 |
|
|
|c BK
|